[Event "Barcelona Sant Marti op-B 23rd"]
[Site "Barcelona"]
[Date "2023.07.21"]
[Round "9"]
[White "Pardina Domenech, Albert"]
[Black "Vargas Drechsler, Carlos"]
[Result "0-1"]
[WhiteElo "1669"]
[BlackElo "1838"]
[PlyCount "72"]
[EventDate "2023.07.13"]
[EventType "swiss"]
[EventRounds "9"]
[EventCountry "ESP"]
[SourceTitle "CBM 215 Extra"]
[Source "ChessBase"]
[SourceDate "2023.09.30"]
[SourceVersion "1"]
[SourceVersionDate "2023.09.30"]
[SourceQuality "1"]

1. d4 d6 2. Nf3 f5 3. Bg5 h6 4. Bf4 g5 5. Bc1 Nf6 6. b3 Bg7 7. Bb2 Be6 8. c4 Bf7 9. d5 c5 10. Qc2 Qd7 11. Nbd2 e5 12. dxe6 Qxe6 13. 0-0-0 Nc6 14. e3 0-0 15. a3 Ng4 16. Nb1 Nge5 17. Nxe5 dxe5 18. Be2 Rfd8 19. Nc3 Rxd1+ 20. Rxd1 e4 21. Nd5 Bxb2+ 22. Qxb2 Rd8 23. Nf6+ Kf8 24. Rxd8+ Nxd8 25. Nd5 Kg8 26. b4 Qd6 27. bxc5 Qxh2 28. Ne7+ Kh7 29. Nxf5 Ne6 30. Qf6 Qc7 31. Qxh6+ Kg8 32. Qf6 Qxc5 33. Kb2 Qc7 34. Nh6+ Kf8 35. Bh5 Nd8 36. Qxf7+ Nxf7 0-1

[Event "Catalunya-chT Gp1 Final"]
[Site "Barcelona"]
[Date "2023.03.25"]
[Round "2.10"]
[White "Pardina Domenech, Albert"]
[Black "Colls Gelaberto, Emilio"]
[Result "1/2-1/2"]
[WhiteElo "1656"]
[BlackElo "2052"]
[PlyCount "89"]
[EventDate "2023.03.18"]
[EventType "team-k.o."]
[EventRounds "3"]
[EventCountry "ESP"]
[SourceTitle "EXT 2024"]
[Source "ChessBase"]
[SourceDate "2023.10.10"]
[SourceVersion "1"]
[SourceVersionDate "2023.10.10"]
[SourceQuality "1"]
[WhiteTeam "Foment Martinenc"]
[BlackTeam "Figueres"]
[WhiteTeamCountry "ESP"]
[BlackTeamCountry "ESP"]

1. d4 Nf6 2. Nf3 g6 3. g3 Bg7 4. Bg2 0-0 5. 0-0 c6 6. Bg5 d5 7. Bxf6 Bxf6 8. c3 Nd7 9. Nbd2 e5 10. dxe5 Nxe5 11. Nxe5 Bxe5 12. h3 Qb6 13. Qb3 Be6 14. e3 Rfd8 15. a4 Rac8 16. Qxb6 axb6 17. Nf3 Bf6 18. a5 bxa5 19. Rxa5 Bf5 20. Ra7 Rd7 21. Rfa1 c5 22. g4 Be6 23. Bf1 h6 24. Bb5 Rdc7 25. Ra8 Rxa8 26. Rxa8+ Kg7 27. Ra7 Be7 28. Ba6 Bc8 29. Bd3 Bd6 30. e4 c4 31. Bc2 Bc5 32. Ra1 dxe4 33. Bxe4 Re7 34. Re1 Rd7 35. Re2 b6 36. Nd2 Ba6 37. Kg2 b5 38. Bc6 Re7 39. Rxe7 Bxe7 40. Bd5 Bg5 41. Ne4 Bc1 42. Nc5 Bc8 43. Bc6 Bxb2 44. Bxb5 Ba3 45. Ne4 1/2-1/2

[Event "Foment Martinenc op-C 20th"]
[Site "Barcelona"]
[Date "2018.06.16"]
[Round "9"]
[White "Alarcon Alarcon, Marina"]
[Black "Pardina Domenech, Albert"]
[Result "0-1"]
[WhiteElo "1473"]
[BlackElo "1668"]
[PlyCount "106"]
[EventDate "2018.04.21"]
[EventType "swiss"]
[EventRounds "9"]
[EventCountry "ESP"]
[SourceTitle "CBM 184 Extra"]
[Source "ChessBase"]
[SourceDate "2018.06.28"]
[SourceVersion "1"]
[SourceVersionDate "2018.06.28"]
[SourceQuality "1"]

1. e4 e5 2. Nf3 Nc6 3. d4 d6 4. dxe5 dxe5 5. Qxd8+ Kxd8 6. Bb5 Nb4 7. Bd3 f6 8. Nc3 c5 9. a3 Nxd3+ 10. cxd3 Bg4 11. h3 Bxf3 12. gxf3 Rc8 13. f4 Bd6 14. f5 Nh6 15. Be3 Nf7 16. Nb5 a6 17. Nxd6 Nxd6 18. Ke2 c4 19. d4 exd4 20. Bxd4 Nxe4 21. Rad1 Kc7 22. Rhg1 Rhg8 23. h4 Rce8 24. Kf3 Nd6 25. Bc5 Nxf5 26. Rg4 b5 27. Rd5 Re5 28. Rxe5 fxe5 29. Ke4 Nh6 30. Rg3 Nf7 31. b4 cxb3 32. Rxb3 g5 33. hxg5 Rxg5 34. Rf3 Nd6+ 35. Bxd6+ Kxd6 36. Rf6+ Kc5 37. Rxa6 h5 38. Rh6 Rg4+ 39. Ke3 h4 40. f3 Ra4 41. Rh5 Rxa3+ 42. Ke2 h3 43. Rxe5+ Kc4 44. Re4+ Kd5 45. Rh4 h2 46. Kf2 Ke5 47. Kg2 Ra2+ 48. Kh1 Rb2 49. f4+ Kf5 50. Rxh2 Rxh2+ 51. Kxh2 Kxf4 52. Kg2 b4 53. Kf2 b3 0-1

[Event "Foment Martinenc op-C 20th"]
[Site "Barcelona"]
[Date "2018.05.19"]
[Round "5"]
[White "Pardina Domenech, Albert"]
[Black "Padin Juy, Jose"]
[Result "0-1"]
[WhiteElo "1668"]
[BlackElo "1506"]
[PlyCount "78"]
[EventDate "2018.04.21"]
[EventType "swiss"]
[EventRounds "9"]
[EventCountry "ESP"]
[SourceTitle "CBM 184 Extra"]
[Source "ChessBase"]
[SourceDate "2018.06.28"]
[SourceVersion "1"]
[SourceVersionDate "2018.06.28"]
[SourceQuality "1"]

1. e4 e5 2. Nf3 Nc6 3. d4 d5 4. dxe5 dxe4 5. Qxd8+ Nxd8 6. Nd4 Bc5 7. Nc3 Bxd4 8. Bd2 Nc6 9. Nd5 Bxe5 10. 0-0-0 Be6 11. Nf4 0-0-0 12. Nxe6 fxe6 13. g3 h6 14. Bh3 Re8 15. Rhf1 Nf6 16. f4 Bd6 17. Bc3 Nd5 18. Rxd5 Rhg8 19. b3 Kb8 20. Rd2 g6 21. Re1 e5 22. f5 gxf5 23. Bxf5 Ref8 24. Bxe4 Ne7 25. Rg2 Nc8 26. Bb2 Bb4 27. Rd1 Nd6 28. Bd3 e4 29. Be2 Rd8 30. g4 h5 31. h3 h4 32. Rd5 e3 33. Bd4 Rde8 34. Re5 Rxe5 35. Bxe5 Ne4 36. Bd3 Nc3 37. Bxc3 Bxc3 38. g5 Rf8 39. Re2 Rf1+ 0-1

[Event "Foment Martinenc op-C 20th"]
[Site "Barcelona"]
[Date "2018.05.12"]
[Round "4"]
[White "Juncosa Padros, Ernest"]
[Black "Pardina Domenech, Albert"]
[Result "1/2-1/2"]
[WhiteElo "1566"]
[BlackElo "1668"]
[PlyCount "87"]
[EventDate "2018.04.21"]
[EventType "swiss"]
[EventRounds "9"]
[EventCountry "ESP"]
[SourceTitle "CBM 184 Extra"]
[Source "ChessBase"]
[SourceDate "2018.06.28"]
[SourceVersion "1"]
[SourceVersionDate "2018.06.28"]
[SourceQuality "1"]

1. d4 d5 2. c4 e6 3. Nc3 Nf6 4. Nf3 Nc6 5. Bf4 Bd6 6. Bxd6 cxd6 7. e3 0-0 8. cxd5 exd5 9. Bd3 Re8 10. 0-0 Ne4 11. Nxd5 Nf6 12. Nxf6+ Qxf6 13. h3 Bf5 14. Re1 Be4 15. Bxe4 Rxe4 16. Qd3 d5 17. Qb5 Rae8 18. Qxb7 h6 19. Rac1 R8e6 20. Qb5 Ne7 21. Qb8+ Kh7 22. Qg3 Nf5 23. Qh2 Nh4 24. Nxh4 Qxh4 25. Qg3 Rg6 26. Qxh4 Rxh4 27. Kh2 Rf6 28. f4 g5 29. g3 Rh5 30. g4 Rh4 31. Rf1 Re6 32. Rce1 f6 33. fxg5 hxg5 34. Rf5 Kg6 35. Rxd5 Re4 36. Rg1 Rxe3 37. Rg3 Re2+ 38. Kg1 Rxb2 39. Ra5 Rd2 40. Ra4 Rh7 41. Rf3 Rd7 42. Rfa3 Rc7 43. Rf3 Rd7 44. Rfa3 1/2-1/2